Entry Personal Name
Number of records used in: 1
001 - CONTROL NUMBER
003 - CONTROL NUMBER IDENTIFIER
005 - DATE AND TIME OF LATEST TRANSACTION
- control field:
20191104135641.0
008 - FIXED-LENGTH DATA ELEMENTS
- fixed length control field:
950330n| acannaab| |n aaa |||
010 ## - LIBRARY OF CONGRESS CONTROL NUMBER
- LC control number:
n 95031352
040 ## - CATALOGING SOURCE
- Original cataloging agency:
DLC
- Transcribing agency:
DLC
100 10 - HEADING--PERSONAL NAME
- Personal name:
Verma, Vinod,
- Dates associated with a name:
1947-
670 ## - SOURCE DATA FOUND
- Source citation:
Ayurveda, 1995:
- Information found:
CIP t.p. (Dr. Vinod Verma) data sheet (b. 08-26-47)